[Event "British Rapidplay Championship 2023"]
[Site "Mercure Bradford, Bankfield Hotel"]
[Date "2023.04.16"]
[Round "9.18"]
[White "Jackson, Sheila"]
[Black "Rogowski, Rafal"]
[Result "1-0"]
[TimeControl "All moves in 15 minutes plus 10 second increment per move from move 1"]
[WhiteElo "2055"]
[BlackElo "1291"]

1. e4 {[%clk 00:15:19]} e6 {[%clk 00:15:17]} {[%emt 00:00:03]} 2. d4 {[%clk
00:15:28]} {[%emt 00:00:13]} d5 {[%clk 00:15:25]} {[%emt 00:00:14]} 3. Nd2
{[%clk 00:15:37]} {[%emt 00:00:01]} dxe4 {[%clk 00:15:33]} {[%emt 00:00:02]} 4.
Nxe4 {[%clk 00:15:46]} Nd7 {[%clk 00:15:41]} {[%emt 00:00:15]} 5. Nf3 {[%clk
00:15:51]} {[%emt 00:00:10]} Ngf6 {[%clk 00:15:50]} {[%emt 00:00:13]} 6. Bd3
{[%clk 00:15:40]} {[%emt 00:00:33]} b6 {[%clk 00:15:46]} {[%emt 00:00:10]} 7.
O-O {[%clk 00:15:17]} {[%emt 00:00:15]} Bb7 {[%clk 00:15:55]} 8. Qe2 {[%clk
00:15:00]} {[%emt 00:00:19]} Be7 {[%clk 00:15:50]} {[%emt 00:00:08]} 9. c3
{[%clk 00:14:43]} {[%emt 00:00:14]} h6 {[%clk 00:15:50]} {[%emt 00:00:04]} 10.
Re1 {[%clk 00:14:48]} O-O {[%clk 00:15:50]} {[%emt 00:00:01]} 11. Nxf6+ {[%clk
00:14:09]} {[%emt 00:00:45]} Nxf6 {[%clk 00:15:53]} {[%emt 00:00:06]} 12. Ne5
{[%clk 00:13:48]} {[%emt 00:00:30]} c5 {[%clk 00:14:42]} {[%emt 00:01:22]} 13.
dxc5 {[%clk 00:13:25]} {[%emt 00:00:34]} Bxc5 {[%clk 00:14:32]} {[%emt
00:00:20]} 14. Be3 {[%clk 00:13:19]} {[%emt 00:00:15]} Bxe3 {[%clk 00:14:11]}
{[%emt 00:00:31]} 15. Qxe3 {[%clk 00:13:24]} {[%emt 00:00:05]} Qc7 {[%clk
00:13:15]} {[%emt 00:01:06]} 16. Rad1 {[%clk 00:13:05]} {[%emt 00:00:30]} Rfd8
{[%clk 00:12:17]} {[%emt 00:01:06]} 17. c4 {[%clk 00:11:45]} {[%emt 00:01:31]}
Rac8 {[%clk 00:11:28]} {[%emt 00:00:58]} 18. b3 {[%clk 00:11:48]} {[%emt
00:00:08]} Qe7 {[%clk 00:10:53]} {[%emt 00:00:45]} 19. h3 {[%clk 00:11:29]}
{[%emt 00:00:29]} Rd6 {[%clk 00:10:25]} {[%emt 00:00:37]} 20. Bc2 {[%clk
00:09:44]} {[%emt 00:01:56]} Rcd8 {[%clk 00:10:25]} {[%emt 00:00:09]} 21. f3
{[%clk 00:09:05]} {[%emt 00:00:49]} Rxd1 {[%clk 00:10:04]} {[%emt 00:00:31]} 22.
Rxd1 {[%clk 00:09:15]} Rxd1+ {[%clk 00:10:12]} {[%emt 00:00:03]} 23. Bxd1
{[%clk 00:09:24]} Qd6 {[%clk 00:10:17]} {[%emt 00:00:06]} 24. Nd3 {[%clk
00:06:33]} {[%emt 00:03:00]} Nd7 {[%clk 00:09:56]} {[%emt 00:00:31]} 25. Bc2
{[%clk 00:06:11]} {[%emt 00:00:32]} Ba8 {[%clk 00:08:53]} {[%emt 00:01:14]} 26.
b4 {[%clk 00:05:19]} {[%emt 00:01:01]} Bb7 {[%clk 00:07:52]} {[%emt 00:01:11]}
27. Bb3 {[%clk 00:04:46]} {[%emt 00:00:43]} a6 {[%clk 00:07:35]} {[%emt
00:00:28]} 28. Kf2 {[%clk 00:04:27]} {[%emt 00:00:28]} Bc6 {[%clk 00:07:21]}
{[%emt 00:00:25]} 29. c5 {[%clk 00:02:24]} {[%emt 00:02:13]} bxc5 {[%clk
00:07:28]} {[%emt 00:00:02]} 30. bxc5 {[%clk 00:02:04]} {[%emt 00:00:29]} Qc7
{[%clk 00:07:37]} {[%emt 00:00:02]} 31. Bc4 {[%clk 00:01:42]} {[%emt 00:00:33]}
Bb5 {[%clk 00:07:41]} {[%emt 00:00:05]} 32. Bxb5 {[%clk 00:01:13]} {[%emt
00:00:39]} axb5 {[%clk 00:07:49]} {[%emt 00:00:01]} 33. Qd4 {[%clk 00:01:21]}
{[%emt 00:00:03]} Kf8 {[%clk 00:07:20]} {[%emt 00:00:39]} 34. Qb4 {[%clk
00:01:11]} {[%emt 00:00:20]} Qc6 {[%clk 00:07:17]} {[%emt 00:00:12]} 35. Qd4
{[%clk 00:00:40]} {[%emt 00:00:41]} Qc7 {[%clk 00:07:10]} {[%emt 00:00:14]} 36.
a3 {[%clk 00:00:46]} {[%emt 00:00:08]} Kg8 {[%clk 00:07:09]} {[%emt 00:00:11]}
37. f4 {[%clk 00:00:27]} {[%emt 00:00:29]} Kf8 {[%clk 00:07:15]} {[%emt
00:00:05]} 38. Qd6+ {[%clk 00:00:27]} {[%emt 00:00:09]} Qxd6 {[%clk 00:07:22]}
{[%emt 00:00:02]} 39. cxd6 {[%clk 00:00:37]} f6 {[%clk 00:07:00]} {[%emt
00:00:32]} 40. Ke3 {[%clk 00:00:44]} {[%emt 00:00:03]} Ke8 {[%clk 00:06:31]}
{[%emt 00:00:39]} 41. Kd4 {[%clk 00:00:53]} {[%emt 00:00:01]} Kd8 {[%clk
00:05:36]} {[%emt 00:01:05]} 42. Nc5 {[%clk 00:01:01]} {[%emt 00:00:03]} e5+
{[%clk 00:05:12]} {[%emt 00:00:33]} 43. fxe5 {[%clk 00:01:04]} {[%emt
00:00:07]} Nxe5 {[%clk 00:01:48]} {[%emt 00:03:34]} 44. Ne6+ {[%clk 00:01:11]}
{[%emt 00:00:03]} Kd7 {[%clk 00:01:55]} {[%emt 00:00:03]} 45. Nxg7 {[%clk
00:01:20]} Kxd6 {[%clk 00:01:54]} {[%emt 00:00:11]} 46. Nf5+ {[%clk 00:01:29]}
{[%emt 00:00:02]} Ke6 {[%clk 00:01:59]} {[%emt 00:00:04]} 47. Nxh6 {[%clk
00:01:37]} {[%emt 00:00:02]} f5 {[%clk 00:01:16]} {[%emt 00:00:53]} 48. Kc5
{[%clk 00:01:18]} {[%emt 00:00:29]} f4 {[%clk 00:00:49]} {[%emt 00:00:37]} 49.
Kxb5 {[%clk 00:01:12]} {[%emt 00:00:16]} f3 {[%clk 00:00:58]} {[%emt 00:00:02]}
50. gxf3 {[%clk 00:01:17]} {[%emt 00:00:05]} Nxf3 {[%clk 00:01:06]} 51. a4
{[%clk 00:00:47]} {[%emt 00:00:40]} Nd4+ {[%clk 00:01:05]} {[%emt 00:00:10]} 52.
Kc5 {[%clk 00:00:39]} {[%emt 00:00:18]} Nb3+ {[%clk 00:00:39]} {[%emt
00:00:37]} 53. Kb4 {[%clk 00:00:47]} {[%emt 00:00:02]} Nd4 {[%clk 00:00:47]}
{[%emt 00:00:02]} 54. a5 {[%clk 00:00:44]} {[%emt 00:00:14]} Nc6+ {[%clk
00:00:52]} {[%emt 00:00:05]} 55. Kb5 {[%clk 00:00:53]} {[%emt 00:00:01]} Nxa5
{[%clk 00:00:55]} {[%emt 00:00:07]} 56. Kxa5 {[%clk 00:01:02]} Kf6 {[%clk
00:01:03]} {[%emt 00:00:01]} 57. Ng4+ {[%clk 00:01:05]} {[%emt 00:00:07]} Kg5
{[%clk 00:01:11]} {[%emt 00:00:02]} 58. Kb5 {[%clk 00:01:12]} {[%emt 00:00:03]}
Kh4 {[%clk 00:01:20]} {[%emt 00:00:01]} 59. Nf2 {[%clk 00:01:21]} {[%emt
00:00:01]} Kg3 {[%clk 00:01:29]} {[%emt 00:00:01]} 60. Kc5 {[%clk 00:01:27]}
{[%emt 00:00:04]} Kh4 {[%clk 00:01:24]} {[%emt 00:00:15]} 61. Kd5 {[%clk
00:01:36]} Kg5 {[%clk 00:01:26]} {[%emt 00:00:06]} 62. Ke5 {[%clk 00:01:46]}
{[%emt 00:00:02]} Kh4 {[%clk 00:01:23]} {[%emt 00:00:13]} 63. Kf4 {[%clk
00:01:46]} {[%emt 00:00:10]} Kh5 {[%clk 00:01:27]} {[%emt 00:00:05]} 64. Kg3
{[%clk 00:01:55]} {[%emt 00:00:02]} Kg5 {[%clk 00:01:29]} {[%emt 00:00:07]} 65.
h4+ {[%clk 00:02:04]} {[%emt 00:00:02]} Kh5 {[%clk 00:01:38]} {[%emt 00:00:01]}
66. Ne4 {[%clk 00:02:12]} {[%emt 00:00:02]} Kh6 {[%clk 00:01:43]} {[%emt
00:00:05]} 67. Kg4 {[%clk 00:02:21]} {[%emt 00:00:01]} Kg6 {[%clk 00:01:51]}
{[%emt 00:00:02]} 68. h5+ {[%clk 00:02:30]} {[%emt 00:00:01]} Kh6 {[%clk
00:01:59]} {[%emt 00:00:02]} 69. Nf6 {[%clk 00:02:35]} {[%emt 00:00:05]} Kg7
{[%clk 00:01:54]} {[%emt 00:00:11]} 70. Kg5 {[%clk 00:02:44]} Kh8 {[%clk
00:01:44]} {[%emt 00:00:25]} 71. Ng4 {[%clk 00:02:45]} {[%emt 00:00:09]} Kg7
{[%clk 00:01:49]} {[%emt 00:00:03]} 72. h6+ {[%clk 00:02:54]} {[%emt 00:00:03]}
Kg8 {[%clk 00:01:32]} {[%emt 00:00:27]} 73. Kg6 {[%clk 00:03:01]} {[%emt
00:00:03]} Kh8 {[%clk 00:01:40]} {[%emt 00:00:02]} 74. Ne5 {[%clk 00:03:07]}
{[%emt 00:00:04]} Kg8 {[%clk 00:01:45]} {[%emt 00:00:05]} 75. h7+ {[%clk
00:03:15]} {[%emt 00:00:02]} Kh8 {[%emt 00:00:02]} 76. Nf7# {[%clk 00:03:15]}
1-0

[Event "British Rapidplay Championship 2023"]
[Site "Mercure Bradford, Bankfield Hotel"]
[Date "2023.04.16"]
[Round "9.20"]
[White "Cuaresma, Bien"]
[Black "Wood, Jack"]
[Result "0-1"]
[TimeControl "All moves in 15 minutes plus 10 second increment per move from move 1"]
[WhiteElo "1606"]
[BlackElo "1626"]

1. f4 {[%clk 00:14:16]} {[%emt 00:01:30]} d5 {[%clk 00:14:38]} {[%emt
00:00:28]} 2. Nf3 {[%clk 00:14:22]} {[%emt 00:00:02]} Nf6 {[%clk 00:14:44]}
{[%emt 00:00:02]} 3. e3 {[%clk 00:14:29]} {[%emt 00:00:02]} Bf5 {[%clk
00:13:42]} {[%emt 00:00:34]} 4. Be2 {[%clk 00:14:32]} {[%emt 00:00:06]} Nc6
{[%clk 00:13:38]} {[%emt 00:00:15]} 5. d3 {[%clk 00:14:39]} {[%emt 00:00:02]}
Qd7 {[%clk 00:13:01]} {[%emt 00:00:47]} 6. O-O {[%clk 00:14:38]} {[%emt
00:00:11]} O-O-O {[%clk 00:12:57]} {[%emt 00:00:14]} 7. Nc3 {[%clk 00:14:28]}
{[%emt 00:00:20]} e6 {[%clk 00:13:02]} {[%emt 00:00:05]} 8. Ne5 {[%clk
00:13:58]} {[%emt 00:00:40]} Nxe5 {[%clk 00:12:48]} {[%emt 00:00:24]} 9. fxe5
{[%clk 00:14:04]} {[%emt 00:00:02]} d4 {[%clk 00:11:48]} {[%emt 00:01:12]} 10.
exf6 {[%clk 00:14:08]} {[%emt 00:00:05]} dxc3 {[%clk 00:11:56]} {[%emt
00:00:04]} 11. bxc3 {[%clk 00:14:15]} {[%emt 00:00:01]} gxf6 {[%clk 00:11:51]}
{[%emt 00:00:15]} 12. a4 {[%clk 00:14:13]} {[%emt 00:00:13]} Rg8 {[%clk
00:10:32]} {[%emt 00:01:29]} 13. Bf3 {[%clk 00:13:55]} {[%emt 00:00:28]} e5
{[%clk 00:10:36]} {[%emt 00:00:06]} 14. Rb1 {[%clk 00:13:32]} {[%emt 00:00:32]}
b6 {[%clk 00:10:35]} {[%emt 00:00:12]} 15. a5 {[%clk 00:13:07]} {[%emt
00:00:36]} Bg4 {[%clk 00:10:42]} {[%emt 00:00:02]} 16. axb6 {[%clk 00:12:57]}
{[%emt 00:00:20]} cxb6 {[%clk 00:09:46]} {[%emt 00:01:06]} 17. d4 {[%clk
00:12:48]} {[%emt 00:00:20]} e4 {[%clk 00:09:36]} {[%emt 00:00:19]} 18. Bxg4
{[%clk 00:12:46]} {[%emt 00:00:11]} Rxg4 {[%clk 00:09:19]} {[%emt 00:00:27]} 19.
Rxf6 {[%clk 00:12:02]} {[%emt 00:00:55]} Be7 {[%clk 00:07:38]} {[%emt
00:01:51]} 20. Rxf7 {[%clk 00:11:49]} {[%emt 00:00:23]} Rdg8 {[%clk 00:07:44]}
{[%emt 00:00:05]} 21. Rf2 {[%clk 00:11:34]} {[%emt 00:00:24]} Bh4 {[%clk
00:07:26]} {[%emt 00:00:28]} 22. Re2 {[%clk 00:11:21]} {[%emt 00:00:23]} Qg7
{[%clk 00:07:03]} {[%emt 00:00:33]} 23. Qf1 {[%clk 00:11:08]} {[%emt 00:00:22]}
Be7 {[%clk 00:06:37]} {[%emt 00:00:37]} 24. Rb5 {[%clk 00:10:40]} {[%emt
00:00:38]} Bd6 {[%clk 00:06:10]} {[%emt 00:00:36]} 25. Rf2 {[%clk 00:10:35]}
{[%emt 00:00:14]} Qh6 {[%clk 00:05:43]} {[%emt 00:00:39]} 26. Qc4+ {[%clk
00:10:36]} {[%emt 00:00:07]} Bc7 {[%clk 00:05:06]} {[%emt 00:00:49]} 27. Qe6+
{[%clk 00:10:35]} {[%emt 00:00:09]} Qxe6 {[%clk 00:05:11]} {[%emt 00:00:06]} 28.
Rh5 {[%emt 00:04:03]} Qg6 {[%clk 00:05:07]} 29. Rhf5 {[%clk 00:06:13]} {[%emt
00:00:52]} Rxg2+ {[%clk 00:05:13]} {[%emt 00:00:05]} 30. Kf1 {[%clk 00:06:22]}
{[%emt 00:00:01]} Rxf2+ {[%clk 00:05:20]} {[%emt 00:00:03]} 31. Rxf2 {[%clk
00:06:29]} {[%emt 00:00:02]} Qg1+ {[%clk 00:05:21]} {[%emt 00:00:10]} 0-1

[Event "British Rapidplay Championship 2023"]
[Site "Mercure Bradford, Bankfield Hotel"]
[Date "2023.04.16"]
[Round "9.22"]
[White "Railwani, Tavish"]
[Black "Bennett, Eric"]
[Result "1-0"]
[TimeControl "All moves in 15 minutes plus 10 second increment per move from move 1"]
[WhiteElo "1517"]
[BlackElo "1730"]

1. e4 {[%clk 00:15:18]} {[%emt 00:00:14]} d5 {[%clk 00:15:11]} {[%emt
00:00:34]} 2. exd5 {[%clk 00:15:15]} {[%emt 00:00:38]} Qxd5 {[%clk 00:15:19]} 3.
Nc3 {[%clk 00:15:23]} {[%emt 00:00:02]} Qe6+ {[%clk 00:15:27]} {[%emt
00:00:02]} 4. Be2 {[%clk 00:15:29]} {[%emt 00:00:12]} Qg6 {[%clk 00:15:36]} 5.
Bf3 {[%clk 00:15:21]} {[%emt 00:00:12]} Nc6 {[%clk 00:15:44]} 6. Nge2 {[%clk
00:15:24]} {[%emt 00:00:03]} e5 {[%clk 00:15:53]} 7. d3 {[%clk 00:15:13]}
{[%emt 00:00:10]} Bd6 {[%clk 00:16:01]} 8. Ng3 {[%clk 00:14:50]} {[%emt
00:00:22]} Nge7 {[%clk 00:16:09]} 9. Bh5 {[%clk 00:12:15]} {[%emt 00:02:06]}
Qe6 {[%clk 00:16:14]} {[%emt 00:00:05]} 10. Nge4 {[%clk 00:11:14]} {[%emt
00:01:12]} g6 {[%clk 00:16:10]} {[%emt 00:00:13]} 11. Bf3 {[%clk 00:10:43]}
{[%emt 00:00:40]} f5 {[%clk 00:16:18]} {[%emt 00:00:02]} 12. Nxd6+ {[%clk
00:09:23]} {[%emt 00:01:30]} cxd6 {[%clk 00:16:26]} {[%emt 00:00:02]} 13. Nb5
{[%clk 00:08:21]} {[%emt 00:01:13]} Qd7 {[%clk 00:16:35]} {[%emt 00:00:01]} 14.
Nc3 {[%clk 00:08:06]} {[%emt 00:00:25]} d5 {[%clk 00:16:41]} {[%emt 00:00:03]}
15. O-O {[%clk 00:07:55]} {[%emt 00:00:21]} O-O {[%clk 00:16:49]} {[%emt
00:00:02]} 16. Re1 {[%clk 00:07:29]} {[%emt 00:00:36]} e4 {[%clk 00:16:56]}
{[%emt 00:00:04]} 17. dxe4 {[%clk 00:06:54]} {[%emt 00:00:45]} dxe4 {[%clk
00:17:04]} {[%emt 00:00:02]} 18. Qxd7 {[%clk 00:06:52]} {[%emt 00:00:11]} Bxd7
{[%clk 00:17:12]} {[%emt 00:00:02]} 19. Be2 {[%clk 00:06:48]} {[%emt 00:00:14]}
Nd4 {[%clk 00:17:19]} {[%emt 00:00:03]} 20. Bc4+ {[%clk 00:06:35]} {[%emt
00:00:24]} Kg7 {[%clk 00:17:27]} {[%emt 00:00:01]} 21. Bb3 {[%clk 00:06:30]}
{[%emt 00:00:16]} Nxb3 {[%clk 00:17:34]} {[%emt 00:00:03]} 22. axb3 {[%clk
00:06:37]} {[%emt 00:00:02]} Bc6 {[%clk 00:17:39]} {[%emt 00:00:05]} 23. Be3
{[%clk 00:06:44]} {[%emt 00:00:04]} a6 {[%clk 00:17:45]} {[%emt 00:00:05]} 24.
Bd4+ {[%clk 00:06:46]} {[%emt 00:00:07]} Kf7 {[%clk 00:17:53]} {[%emt
00:00:01]} 25. h3 {[%clk 00:06:35]} {[%emt 00:00:21]} Rfd8 {[%clk 00:18:01]}
{[%emt 00:00:02]} 26. Bb6 {[%clk 00:06:23]} {[%emt 00:00:22]} Rd7 {[%clk
00:18:06]} {[%emt 00:00:05]} 27. Rad1 {[%clk 00:06:18]} {[%emt 00:00:15]} Rxd1
{[%clk 00:18:09]} {[%emt 00:00:08]} 28. Rxd1 {[%clk 00:06:24]} {[%emt
00:00:03]} Ke6 {[%clk 00:18:17]} {[%emt 00:00:02]} 29. Bc5 {[%clk 00:06:25]}
{[%emt 00:00:10]} Nd5 {[%clk 00:18:24]} {[%emt 00:00:03]} 30. Nxd5 {[%clk
00:06:17]} {[%emt 00:00:17]} Bxd5 {[%clk 00:18:32]} {[%emt 00:00:02]} 31. c4
{[%clk 00:05:59]} {[%emt 00:00:28]} Bc6 {[%clk 00:18:41]} {[%emt 00:00:02]} 32.
Rd6+ {[%clk 00:06:03]} {[%emt 00:00:06]} Kf7 {[%clk 00:18:49]} {[%emt
00:00:02]} 33. Bd4 {[%clk 00:06:05]} {[%emt 00:00:07]} Rg8 {[%clk 00:18:52]}
{[%emt 00:00:07]} 34. Be5 {[%clk 00:05:33]} {[%emt 00:00:42]} g5 {[%clk
00:18:58]} {[%emt 00:00:04]} 35. Rf6+ {[%clk 00:05:40]} {[%emt 00:00:03]} Ke7
{[%clk 00:19:06]} {[%emt 00:00:02]} 36. Rxf5 {[%clk 00:05:18]} {[%emt
00:00:32]} Ke6 {[%clk 00:19:15]} {[%emt 00:00:02]} 37. g4 {[%clk 00:05:23]}
{[%emt 00:00:05]} h5 {[%clk 00:19:16]} {[%emt 00:00:08]} 38. Bc3 {[%clk
00:05:22]} {[%emt 00:00:11]} hxg4 {[%clk 00:19:21]} {[%emt 00:00:06]} 39. hxg4
{[%clk 00:05:28]} {[%emt 00:00:04]} Rg6 {[%clk 00:19:18]} {[%emt 00:00:12]} 40.
Re5+ {[%clk 00:05:24]} {[%emt 00:00:14]} Kd6 {[%clk 00:19:27]} {[%emt
00:00:02]} 41. c5+ {[%clk 00:05:25]} {[%emt 00:00:09]} Kd7 {[%clk 00:19:31]}
{[%emt 00:00:05]} 42. Bd2 {[%clk 00:05:17]} {[%emt 00:00:19]} Rg8 {[%clk
00:19:30]} {[%emt 00:00:10]} 43. Rxg5 {[%clk 00:05:23]} {[%emt 00:00:05]} Rxg5
{[%clk 00:19:37]} {[%emt 00:00:02]} 44. Bxg5 {[%clk 00:05:30]} {[%emt
00:00:03]} Ke6 {[%clk 00:19:46]} 45. b4 {[%clk 00:05:33]} {[%emt 00:00:08]} Kd5
{[%clk 00:19:52]} {[%emt 00:00:03]} 46. Bf6 {[%clk 00:05:36]} {[%emt 00:00:07]}
Kc4 {[%clk 00:19:58]} {[%emt 00:00:04]} 47. Bc3 {[%clk 00:05:39]} {[%emt
00:00:08]} Kd3 {[%clk 00:19:54]} {[%emt 00:00:13]} 48. g5 {[%clk 00:05:34]}
{[%emt 00:00:16]} Bd5 {[%clk 00:19:59]} {[%emt 00:00:05]} 49. g6 {[%clk
00:05:38]} {[%emt 00:00:05]} Ke2 {[%clk 00:20:06]} {[%emt 00:00:03]} 50. g7
{[%clk 00:05:29]} {[%emt 00:00:19]} Kf3 {[%clk 00:20:13]} {[%emt 00:00:03]} 51.
Bd4 {[%clk 00:05:00]} {[%emt 00:00:39]} Be6 {[%clk 00:20:09]} {[%emt 00:00:15]}
52. Kf1 {[%clk 00:04:55]} {[%emt 00:00:15]} Bg8 {[%clk 00:20:06]} {[%emt
00:00:13]} 53. Ke1 {[%clk 00:04:58]} {[%emt 00:00:06]} Bd5 {[%clk 00:20:14]}
{[%emt 00:00:02]} 54. Kd2 {[%clk 00:05:02]} {[%emt 00:00:06]} Bg8 {[%clk
00:20:20]} {[%emt 00:00:04]} 55. Kc3 {[%clk 00:04:47]} {[%emt 00:00:26]} Bf7
{[%clk 00:20:27]} {[%emt 00:00:02]} 56. b3 {[%clk 00:04:36]} {[%emt 00:00:21]}
Be6 {[%clk 00:20:34]} {[%emt 00:00:03]} 57. Kb2 {[%clk 00:04:43]} {[%emt
00:00:04]} Ke2 {[%clk 00:20:30]} {[%emt 00:00:14]} 58. Ka3 {[%clk 00:04:29]}
{[%emt 00:00:25]} Kd3 {[%clk 00:20:38]} {[%emt 00:00:02]} 59. Be3 {[%clk
00:04:34]} {[%emt 00:00:05]} Kc3 {[%clk 00:20:22]} {[%emt 00:00:25]} 60. Ka4
{[%clk 00:04:35]} {[%emt 00:00:09]} Bf7 {[%clk 00:20:11]} {[%emt 00:00:21]} 61.
b5 {[%clk 00:04:28]} {[%emt 00:00:17]} Bxb3+ {[%clk 00:20:17]} {[%emt
00:00:04]} 62. Ka5 {[%clk 00:04:34]} {[%emt 00:00:04]} axb5 {[%clk 00:20:11]}
{[%emt 00:00:16]} 63. Kxb5 {[%clk 00:04:40]} {[%emt 00:00:03]} Bd5 {[%clk
00:20:15]} {[%emt 00:00:07]} 64. Kb6 {[%clk 00:04:45]} {[%emt 00:00:04]} Kc4
{[%clk 00:20:20]} {[%emt 00:00:05]} 65. Kc7 {[%clk 00:04:31]} {[%emt 00:00:25]}
Kb5 {[%clk 00:20:23]} {[%emt 00:00:07]} 66. Kd6 {[%clk 00:04:38]} {[%emt
00:00:03]} Bg8 {[%clk 00:20:29]} {[%emt 00:00:03]} 67. Ke7 {[%clk 00:04:41]}
{[%emt 00:00:07]} Kc6 {[%clk 00:20:15]} {[%emt 00:00:25]} 68. Kf8 {[%clk
00:04:47]} {[%emt 00:00:03]} Bh7 {[%clk 00:20:20]} {[%emt 00:00:05]} 69. g8=Q
{[%clk 00:04:54]} {[%emt 00:00:04]} Bxg8 {[%clk 00:20:25]} {[%emt 00:00:04]} 70.
Kxg8 {[%clk 00:05:02]} {[%emt 00:00:03]} Kd5 {[%clk 00:20:26]} {[%emt
00:00:08]} 71. Kf7 {[%clk 00:05:10]} {[%emt 00:00:34]} 1-0

[Event "British Rapidplay Championship 2023"]
[Site "Mercure Bradford, Bankfield Hotel"]
[Date "2023.04.16"]
[Round "9.24"]
[White "McKay, Ruairidh"]
[Black "Stephens, Carl"]
[Result "1-0"]
[TimeControl "All moves in 15 minutes plus 10 second increment per move from move 1"]
[WhiteElo "1460"]
[BlackElo "1682"]

1. d4 {[%clk 00:15:19]} d5 {[%clk 00:15:12]} {[%emt 00:00:32]} 2. c4 {[%clk
00:15:27]} {[%emt 00:00:15]} e6 {[%clk 00:15:20]} {[%emt 00:00:01]} 3. Nc3
{[%clk 00:15:36]} {[%emt 00:00:08]} Nf6 {[%clk 00:15:20]} {[%emt 00:00:19]} 4.
cxd5 {[%clk 00:15:42]} {[%emt 00:00:13]} exd5 {[%clk 00:15:28]} {[%emt
00:00:02]} 5. Bg5 {[%clk 00:15:50]} {[%emt 00:00:01]} Be7 {[%clk 00:15:29]}
{[%emt 00:00:14]} 6. e3 {[%clk 00:15:53]} {[%emt 00:00:07]} O-O {[%clk
00:15:31]} {[%emt 00:00:04]} 7. Nf3 {[%clk 00:16:02]} {[%emt 00:00:01]} Bf5
{[%clk 00:15:29]} {[%emt 00:00:04]} 8. Bxf6 {[%clk 00:15:13]} {[%emt 00:00:35]}
Bxf6 {[%clk 00:15:35]} {[%emt 00:00:02]} 9. Qb3 {[%clk 00:15:19]} {[%emt
00:00:03]} b6 {[%clk 00:13:23]} {[%emt 00:01:48]} 10. Qxd5 {[%clk 00:14:17]}
{[%emt 00:01:10]} Qxd5 {[%clk 00:11:42]} {[%emt 00:01:51]} 11. Nxd5 {[%clk
00:14:25]} {[%emt 00:00:03]} Bd8 {[%clk 00:11:23]} {[%emt 00:00:29]} 12. Rc1
{[%clk 00:13:02]} {[%emt 00:01:33]} c6 {[%clk 00:10:26]} {[%emt 00:01:08]} 13.
Nc3 {[%clk 00:11:25]} {[%emt 00:01:46]} Re8 {[%clk 00:10:16]} {[%emt 00:00:19]}
14. Be2 {[%clk 00:11:27]} {[%emt 00:00:08]} Nd7 {[%clk 00:09:50]} {[%emt
00:00:37]} 15. O-O {[%clk 00:11:32]} {[%emt 00:00:05]} Bf6 {[%clk 00:06:32]}
{[%emt 00:03:28]} 16. b4 {[%clk 00:10:17]} {[%emt 00:01:26]} Rac8 {[%clk
00:06:29]} {[%emt 00:00:13]} 17. Ba6 {[%clk 00:08:41]} {[%emt 00:01:46]} Rc7
{[%clk 00:06:31]} {[%emt 00:00:07]} 18. Nd5 {[%clk 00:08:38]} {[%emt 00:00:13]}
Rcc8 {[%clk 00:04:34]} {[%emt 00:02:08]} 19. Nxf6+ {[%clk 00:07:47]} {[%emt
00:01:00]} Nxf6 {[%clk 00:04:29]} {[%emt 00:00:15]} 20. Bxc8 {[%clk 00:07:56]}
{[%emt 00:00:02]} Rxc8 {[%clk 00:04:36]} {[%emt 00:00:03]} 21. Ne5 {[%clk
00:07:54]} {[%emt 00:00:11]} Bd7 {[%clk 00:02:58]} {[%emt 00:01:48]} 22. Nxd7
{[%clk 00:07:59]} {[%emt 00:00:05]} Nxd7 {[%emt 00:00:02]} 23. Rc3 {[%clk
00:07:40]} {[%emt 00:00:28]} a5 {[%clk 00:02:35]} {[%emt 00:00:42]} 24. a3
{[%clk 00:06:02]} {[%emt 00:01:48]} f5 {[%clk 00:02:21]} {[%emt 00:00:24]} 25.
Rfc1 {[%emt 00:00:19]} axb4 {[%clk 00:02:15]} 26. axb4 {[%clk 00:06:13]} {[%emt
00:00:05]} Nf6 {[%clk 00:01:37]} {[%emt 00:00:48]} 27. Rxc6 {[%clk 00:05:58]}
{[%emt 00:00:25]} Ra8 {[%clk 00:01:37]} {[%emt 00:00:11]} 28. Rc8+ {[%clk
00:06:02]} {[%emt 00:00:05]} 1-0